Consult me to know how to cook ... consult me on confectionery ... consult me on household management and economy ... consult me on diseases ans their remedies ... (Record no. 153254)

MARC details
000 -LEADER
campo de control de longitud fija 00767nam a2200181 i 4500
001 - NÚMERO DE CONTROL
campo de control 153254
003 - IDENTIFICADOR DE NÚMERO DE CONTROL
campo de control ES-MaACL
005 - FECHA Y HORA DE LA ÚLTIMA TRANSACCIÓN
campo de control 20250816092953.0
008 - DATOS DE LONGITUD FIJA--INFORMACIÓN GENERAL
campo de control de longitud fija 051013s1866 xxkf |||| | eng d
245 00 - MENCIÓN DEL TÍTULO
Título Consult me to know how to cook ... consult me on confectionery ... consult me on household management and economy ... consult me on diseases ans their remedies ...
Resto del título : the book that every family needs.
260 ## - PUBLICACIÓN, DISTRIBUCIÓN, ETC.
Lugar de publicación, distribución, etc. Wakefield [etc.] :
Nombre del editor, distribuidor, etc. William Nicholson and Sons,
Fecha de publicación, distribución, etc. [s.a.]
300 ## - DESCRIPCIÓN FÍSICA
Extensión 460 p., [1] h. de lám. ;
Dimensiones 17 cm.
596 ## - NOTA AL PIE DE IMPRENTA
NOTA AL PIE DE IMPRENTA Prelim. fechados en 1866.
599 ## - NOTA A LAS ILUSTRACIONES
NOTA A LAS ILUSTRACIONES La h. de lám. cromolit.
650 #7 - PUNTO DE ACCESO ADICIONAL DE MATERIA--TÉRMINO DE MATERIA
Término de materia o nombre geográfico como elemento de entrada Economía doméstica
Fuente del encabezamiento o término embne
9 (RLIN) 135945
852 ## - LOCALIZACIÓN
Ubicación ES-MaACL
Número de control de estantería C-3526
Nota libre - Enc. ed. en tela roja con hierros dorados
Holdings
Estatus retirado Estado de pérdida Estado de daño No para préstamo Biblioteca de origen Biblioteca actual Ubicación en estantería Fecha de adquisición Fuente de adquisición Total de préstamos Signatura topográfica completa Código de barras Visto por última vez Precio de reemplazo Tipo de ítem Koha
        Biblioteca del Ateneo de Madrid Biblioteca del Ateneo de Madrid Depósito 2 17/01/2008     C-3526 1160147 23/02/2023 23/02/2023 Libro impreso